الدين و الإحياء الروحي في الوطن العربي اليوم : دللتهما في الحوار الثقافي مع أوروبا الغربية تباعد أم لقاء؟ / (رقم التسجيلة. 106557)

تفاصيل مارك
000 -LEADER
fixed length control field 00837nam a22002177a 4500
005 - DATE AND TIME OF LATEST TRANSACTION
control field 20251108173540.0
008 - FIXED-LENGTH DATA ELEMENTS--GENERAL INFORMATION
fixed length control field 250721s2004 xx 000 0 ara d
082 14 - DEWEY DECIMAL CLASSIFICATION NUMBER
Classification number 218.61/ ياف
100 1# - MAIN ENTRY--PERSONAL NAME
Personal name اليافي، عبد الكريم
245 10 - TITLE STATEMENT
Title الدين و الإحياء الروحي في الوطن العربي اليوم : دللتهما في الحوار الثقافي مع أوروبا الغربية تباعد أم لقاء؟ /
264 1# - PRODUCTION, PUBLICATION, DISTRIBUTION, MANUFACTURE, AND COPYRIGHT NOTICE
Place of production, publication, distribution, manufacture دمشق :
Name of producer, publisher, distributor, manufacturer وزارة الثقافة،
Date of production, publication, distribution, manufacture, or copyright notice 2004.
300 ## - PHYSICAL DESCRIPTION
Extent 112ص.
500 ## - GENERAL NOTE
General note الكتاب مترجم باللغة الانجليزية
650 17 - SUBJECT ADDED ENTRY--TOPICAL TERM
Topical term or geographic name as entry element الحوار الثقافي
650 17 - SUBJECT ADDED ENTRY--TOPICAL TERM
Topical term or geographic name as entry element الحوار العربي الأوروبي
650 17 - SUBJECT ADDED ENTRY--TOPICAL TERM
Topical term or geographic name as entry element المسلمون
650 17 - SUBJECT ADDED ENTRY--TOPICAL TERM
Topical term or geographic name as entry element المناظرات
650 17 - SUBJECT ADDED ENTRY--TOPICAL TERM
Topical term or geographic name as entry element الغرب
942 ## - ADDED ENTRY ELEMENTS (KOHA)
Source of classification or shelving scheme Dewey Decimal Classification
Koha item type كتب
المقتنيات
حالة السحب حالة الفقدان مصدر التصنيف حالة التلف غير قابل للإعارة المكتبة الرئيسية المكتبة الحالية موقع الرف تاريخ التزويد الرقم المتسلسل Total Checkouts رقم الإستدعاء الباركود تاريخ آخر ظهور تاريخ الفاتورة نوع المادة (كوها)
    Dewey Decimal Classification     مكتبة الاميرة بديعة مكتبة الاميرة بديعة الإعارة 28/07/2025 883190   218.61/ ياف 883190 28/07/2025 28/07/2025 كتب
Implemented & Customized by: BBB with SCIT (Smart Chains for Information Technology)

Powered by Koha